Outline of the Religion of Islam (Record no. 4083)

MARC details
000 -LEADER
fixed length control field 00616nam a2200241 a 4500
020 ## - INTERNATIONAL STANDARD BOOK NUMBER
ISBN
082 00 - DEWEY DECIMAL CLASSIFICATION NUMBER
Classification number 297
Author Cutter STA
100 ## - MAIN ENTRY--AUTHOR NAME
Author name Stanton, H U Weitbrecht
245 ## - TITLE STATEMENT
Title Outline of the Religion of Islam
260 ## - PUBLICATION, DISTRIBUTION, ETC. (IMPRINT)
Place of publication London
Name of publisher Missionary Equipment and Literature Supp
Year of publication 1925
300 ## - PHYSICAL DESCRIPTION
Number of Pages 51p
500 ## - GENERAL NOTE
General note includes index and biblioraphy
505 2# - FORMATTED CONTENTS NOTE
Formatted contents note index
650 ## - SUBJECT ADDED ENTRY--TOPICAL TERM
Topical Term Islam-Meccan Trade
942 ## - ADDED ENTRY ELEMENTS (KOHA)
Koha item type Books
700 1# -
-- Stanton, H U Weitbrecht
Holdings
Collection code Home library Current library Date acquired Cost, normal purchase price Full call number Accession Number Koha item type
  Henry Martyn Institute Library Henry Martyn Institute Library 02/12/2010 100.00 297 STA 05911 Books
                   Copyright © 2026 | Henry Martyn Institute | Hyderabad | TS-500052 | INDIA | Implemented by hmi.edu.in
Hit-Count:

Powered by Koha